000 00315nam a22001337a 4500
003 SGT
082 _a658.8
_bHON
100 _aHONDADAKATTI, REKHA
245 _aPHARMA MARKETING MANAGEMENT
260 _aINDIA
_bS. VIKASH PUB.
_c2021
300 _a140
650 _aPHARMA MARKETING MANAGEMENT
942 _2ddc
_cBK
999 _c32494
_d32494